|
|
|
|
| LEADER |
01194nam a22002892a 4500 |
| 001 |
000062530 |
| 003 |
CZ BrMZK |
| 005 |
20090909212741.0 |
| 007 |
ta |
| 008 |
010907s1969 xr a f cze d |
| 015 |
|
|
|a cnb000452246
|
| 035 |
|
|
|a (OCoLC)42109151
|
| 040 |
|
|
|a BOA001
|b cze
|c BOA002
|
| 100 |
1 |
|
|a Nováková, Zuzana,
|d 1943-
|7 jk01102347
|4 aut
|4 ill
|
| 245 |
1 |
0 |
|a Hrajeme si pohádky /
|c naps. a ilustr. Zuzana Nováková ; hry a písničky vybrala a jejich texty odb. rev. Helena Karásková ; české texty písniček naps. Jiří Čekan
|
| 250 |
|
|
|a 1. vyd.
|
| 260 |
|
|
|a Praha :
|b Panton,
|c 1969
|
| 300 |
|
|
|a 55 s. +
|e 1 gram. deska
|
| 490 |
1 |
|
|a Hudební výchova nejmenších. Zpívající pohádky ;
|v sv.4
|
| 700 |
1 |
|
|a Karásková, Helena,
|d 1923-1980
|7 jk01052984
|4 edt
|
| 700 |
1 |
|
|a Čekan, Jiří
|4 aut
|
| 830 |
|
0 |
|a Hudební výchova nejmenších. Zpívající pohádky
|
| 910 |
|
|
|a BOA001
|b PK-0057.691
|b 1-0641.052
|
| 964 |
|
|
|a Hry hudební - sbírky
|
| 990 |
|
|
|a BK
|
| 996 |
6 |
|
|b 2619491336
|c 1-0641.052
|l MZK
|r Sklad / do 1 hodiny
|n 1
|w 000062530
|u 000020
|a 1
|e BOA001
|j MZK50
|s P
|
| 996 |
7 |
|
|b 3119972213
|c PK-0057.691
|l MZK
|r Sklad / do 1 hodiny
|n 10
|w 000062530
|u 000010
|a 1
|e BOA001
|j MZK50
|s A
|